[Event "DSOL 03 Liga Gr-D 1st"]
[Site "Playchess.com INT"]
[Date "2020.07.10"]
[Round "3.3"]
[White "Romeike, Dirk"]
[Black "Becker, Volker"]
[Result "1-0"]
[WhiteElo "1389"]
[BlackElo "1897"]
[PlyCount "51"]
[EventDate "2020.06.22"]
[EventType "team-tourn (rapid)"]
[EventCountry "GER"]
[SourceTitle "EXT 2021"]
[Source "ChessBase"]
[SourceDate "2020.10.23"]
[SourceVersion "1"]
[SourceVersionDate "2020.10.23"]
[SourceQuality "1"]
[WhiteTeam "Wuerselen"]
[BlackTeam "Gusenburg Gambit"]
[WhiteTeamCountry "GER"]
[BlackTeamCountry "GER"]

1. e4 e6 2. d4 d5 3. Nd2 c5 4. Ngf3 Nc6 5. Bb5 Bd7 6. dxc5 Bxc5 7. exd5 exd5 8. 0-0 Nge7 9. Nb3 Bd6 10. Nbd4 Qc7 11. Re1 a6 12. Bxc6 bxc6 13. c3 0-0 14. Bg5 Ng6 15. h3 Rab8 16. Qd2 c5 17. Nb3 Bc6 18. Rad1 f6 19. Be3 Ba8 20. Rb1 Nf4 21. Bxf4 Bxf4 22. Qe2 Rb6 23. Qe7 Bd6 24. Qxc7 Bxc7 25. Nxc5 Bd6 26. Nd7 1-0